000 00591nam a2200241Ia 4500
003 OSt
005 20221005113743.0
006 a|||||r|||| 00| 0
007 ta
008 221004b |||||||| |||| 00| 0 eng d
024 _a47126
037 _cTextual
040 _aCRL
_cCRL
_beng
041 _2eng
_aeng
082 _aP111:J:321, G9
100 _aChapman R W
245 0 _aAdjectives from proper names
260 _c1939
490 _aS P E tracts,52
650 _aLINGUISTICS
942 _hP111:J:321, G9
_cTEXL
_2cc
999 _c1029163
_d1029163